[Event "GER M-465 D email"]
[Site "GER email"]
[Date "2012.??.??"]
[Round "?"]
[White "Kruse, Roger"]
[Black "Hesse, Oliver"]
[Result "1/2-1/2"]
[WhiteElo "2266"]
[BlackElo "1980"]
[PlyCount "54"]
[EventDate "2012.??.??"]
[EventType "tourn (corr)"]
[EventRounds "1"]
[EventCountry "GER"]
[SourceTitle "Corr 2015"]
[Source "ChessBase"]
[SourceDate "2015.07.17"]
[SourceVersion "1"]
[SourceVersionDate "2015.07.17"]
[SourceQuality "1"]

1. d4 Nf6 2. c4 e6 3. Nf3 Bb4+ 4. Bd2 c5 5. Bxb4 cxb4 6. g3 0-0 7. Bg2 d6 8. 0-0 a5 9. a3 Na6 10. Qd3 Qc7 11. Nbd2 h6 12. Rfc1 b6 13. Ne1 Rb8 14. Nc2 bxa3 15. bxa3 e5 16. Rab1 Re8 17. Ne4 Nxe4 18. Qxe4 Bb7 19. Qg4 Bxg2 20. Kxg2 Qc6+ 21. d5 Qc8 22. Qxc8 Rexc8 23. Ne3 g6 24. g4 Nc5 25. h4 Kg7 26. Rh1 Na4 27. Rb3 Nc5 1/2-1/2